| 000 | 00683nam a22001937a 4500 | ||
|---|---|---|---|
| 999 |
_c165593 _d165593 |
||
| 005 | 20190624143754.0 | ||
| 010 | _aUR-10237 | ||
| 020 |
_c177.00 _a9789387539549 |
||
| 035 | _aU-8792 | ||
| 037 | _bDBAD/PUB | ||
| 082 | _a841.08 | ||
| 100 | _aمحمد ا يو ب خا ن | ||
| 245 |
_aپنجا ب ميں فا ر سی غز ل _cمحمد ا يو ب خا ن |
||
| 246 |
_bPunjab mein Farsi Ghazal (Urdu) _aby Mohd. Ayyub Khan |
||
| 260 |
_a Delhi _bEducational Publishing House _c2017 ء |
||
| 270 |
_a3191،Vakil Street,Kucha Pandit,Lal Kuan, _bDelhi _e110006 _k23216162 _l00911123211540 |
||
| 300 |
_a288ص _c22 Cm(Hb) |
||
| 942 |
_2ddc _cUR _h841.08 _mم ح م |
||